[Event "2nd open BEROE"]
[Site "Stara Zagora"]
[Date "2016.02.21"]
[Round "4.4"]
[White "Nikolov, Petar V."]
[Black "Ramadanov, Esat"]
[Result "1-0"]
[WhiteElo "1728"]
[BlackElo "1605"]
[PlyCount "61"]
[EventDate "2016.02.20"]
[EventType "swiss"]
[EventRounds "6"]
[EventCountry "BUL"]

1. f4 Nf6 2. Nf3 g6 3. e3 Bg7 4. Be2 O-O 5. O-O d6 6. d3 Bg4 7. c3 c6 8. Kh1
Nbd7 9. Nbd2 Nd5 10. Ne4 Qb6 11. d4 Bf5 12. Ng3 Bg4 13. h3 Bxf3 14. Bxf3 N5f6
15. e4 e5 16. f5 Rad8 17. b3 exd4 18. cxd4 c5 19. Bb2 Ne8 20. dxc5 dxc5 21.
Bxg7 Nxg7 22. Qc2 Qc7 23. Qf2 Ne5 24. Rad1 Nd3 25. Qe3 Nb2 26. Rxd8 Rxd8 27.
Be2 Qe5 28. Qf3 c4 29. fxg6 hxg6 30. Qxf7+ Kh7 31. Rf4 1-0

[Event "2nd open BEROE"]
[Site "Stara Zagora"]
[Date "2016.02.21"]
[Round "5.2"]
[White "Dimitrov, Ivan"]
[Black "Stoyanov, Stoyan Orl."]
[Result "0-1"]
[WhiteElo "1843"]
[BlackElo "1834"]
[PlyCount "62"]
[EventDate "2016.02.20"]
[EventType "swiss"]
[EventRounds "6"]
[EventCountry "BUL"]

1. Nf3 Nf6 2. d4 g6 3. c4 Bg7 4. Nc3 d6 5. e4 O-O 6. Be2 e5 7. dxe5 dxe5 8. O-O
c6 9. Be3 Na6 10. a3 Ng4 11. Bd2 f5 12. h3 Nf6 13. Qc2 Nc5 14. Bg5 fxe4 15.
Bxf6 Qxf6 16. Nxe4 Nxe4 17. Qxe4 Bf5 18. Qh4 Qxh4 19. Nxh4 Be6 20. g4 e4 21.
Rab1 Rad8 22. Rfd1 Rxd1+ 23. Rxd1 Bxb2 24. Ng2 Bxa3 25. Ne3 Bc5 26. Kg2 a5 27.
Ra1 b6 28. h4 Rd8 29. g5 Rd2 30. Bg4 Kf7 31. Bxe6+ Kxe6 0-1

[Event "2nd open BEROE"]
[Site "Stara Zagora"]
[Date "2016.02.21"]
[Round "5.3"]
[White "Balimezova, Margarita"]
[Black "Nikolov, Petar V."]
[Result "1-0"]
[WhiteElo "1753"]
[BlackElo "1728"]
[PlyCount "51"]
[EventDate "2016.02.20"]
[EventType "swiss"]
[EventRounds "6"]
[EventCountry "BUL"]

1. d4 d5 2. Nf3 Nf6 3. c4 e6 4. Nc3 Nc6 5. Bg5 Be7 6. e3 a6 7. a3 O-O 8. cxd5
exd5 9. h3 b5 10. b4 Be6 11. Bd3 Rb8 12. O-O Ne8 13. Bxe7 Qxe7 14. Ne2 Nd6 15.
Qc2 Nc4 16. Bxh7+ Kh8 17. Bf5 a5 18. Nf4 axb4 19. Bxe6 fxe6 20. Ng6+ Kg8 21.
Nxe7+ Nxe7 22. axb4 Nc6 23. Ng5 Rf5 24. Nxe6 g6 25. Qc3 Kf7 26. Nxc7 1-0

[Event "2nd open BEROE"]
[Site "Stara Zagora"]
[Date "2016.02.21"]
[Round "5.4"]
[White "Ramadanov, Esat"]
[Black "Banev, Simeon"]
[Result "1/2-1/2"]
[WhiteElo "1605"]
[BlackElo "1420"]
[PlyCount "114"]
[EventDate "2016.02.20"]
[EventType "swiss"]
[EventRounds "6"]
[EventCountry "BUL"]

1. d4 d5 2. c4 c6 3. Nc3 Nf6 4. Nf3 Bf5 5. e3 e6 6. Nh4 Bg6 7. Nxg6 hxg6 8. Qb3
Qc7 9. Bd2 Bd6 10. g3 Nbd7 11. O-O-O Ng4 12. Be1 Rxh2 13. Rxh2 Nxh2 14. Be2 Nf6
15. c5 Be7 16. f3 g5 17. Bf2 g4 18. Rh1 Nxf3 19. Bxf3 gxf3 20. Rh8+ Bf8 21. Qd1
O-O-O 22. Qxf3 Be7 23. Rxd8+ Qxd8 24. g4 Qh8 25. Bg3 g5 26. Be5 Qh6 27. Qg3 Nd7
28. Bc7 Qh4 29. Kd2 Qxg3 30. Bxg3 f5 31. gxf5 exf5 32. Ke2 Nf6 33. Kf3 Ne4 34.
Nxe4 dxe4+ 35. Kf2 b6 36. b4 bxc5 37. bxc5 Kd7 38. Be5 Ke6 39. Bc7 Kd5 40. a3
Kc4 41. Ba5 Kb3 42. Bb4 Ka4 43. Kg3 a5 44. Bc3 Kxa3 45. Bxa5 Kb3 46. Kf2 Kc4
47. Bb6 Kd5 48. Bc7 Ke6 49. Bg3 Kf6 50. Be5+ Kg6 51. Bg3 Kh5 52. Bd6 Bd8 53.
Bg3 Kg4 54. Bh2 Kh3 55. Bg3 g4 56. Bf4 Bh4+ 57. Kg1 Bd8 1/2-1/2

[Event "2nd open BEROE"]
[Site "Stara Zagora"]
[Date "2016.02.21"]
[Round "6.2"]
[White "Stoyanov, Stoyan Orl."]
[Black "Balimezova, Margarita"]
[Result "1/2-1/2"]
[WhiteElo "1834"]
[BlackElo "1753"]
[PlyCount "31"]
[EventDate "2016.02.20"]
[EventType "swiss"]
[EventRounds "6"]
[EventCountry "BUL"]

1. d4 d6 2. c4 e5 3. dxe5 dxe5 4. Qxd8+ Kxd8 5. Nc3 c6 6. Nf3 f6 7. h3 Be6 8.
e4 a5 9. Be3 Kc7 10. O-O-O Na6 11. a3 Bc5 12. Bxc5 Nxc5 13. Kc2 a4 14. Be2 Nh6
15. Nd2 Rhd8 16. b4 1/2-1/2

[Event "2nd open BEROE"]
[Site "Stara Zagora"]
[Date "2016.02.21"]
[Round "6.3"]
[White "Dimitrov, Ivan"]
[Black "Ramadanov, Esat"]
[Result "1-0"]
[WhiteElo "1843"]
[BlackElo "1605"]
[PlyCount "73"]
[EventDate "2016.02.20"]
[EventType "swiss"]
[EventRounds "6"]
[EventCountry "BUL"]

1. e4 c5 2. Nf3 d6 3. d4 cxd4 4. Nxd4 Nf6 5. Nc3 g6 6. Be2 Bg7 7. Be3 O-O 8.
Qd2 Nc6 9. f3 d5 10. O-O-O Nxd4 11. Bxd4 dxe4 12. Nxe4 Nxe4 13. fxe4 Bxd4 14.
Qxd4 Qxd4 15. Rxd4 Be6 16. Rhd1 Rac8 17. b3 Kg7 18. Kb2 f5 19. Bf3 Rc7 20. e5
Rfc8 21. R1d2 b6 22. c4 Rc5 23. Bd5 Bxd5 24. cxd5 Rd8 25. b4 Rc7 26. a4 g5 27.
Kb3 Kg6 28. d6 exd6 29. Rxd6+ Rxd6 30. exd6 Rd7 31. Kc4 Kf6 32. Kd5 f4 33. Kc6
Rd8 34. Kc7 Rf8 35. d7 Rf7 36. Kc8 Rf8+ 37. d8=Q+ 1-0

[Event "2nd open BEROE"]
[Site "Stara Zagora"]
[Date "2016.02.21"]
[Round "6.4"]
[White "Banev, Simeon"]
[Black "Nikolov, Petar V."]
[Result "0-1"]
[WhiteElo "1420"]
[BlackElo "1728"]
[PlyCount "44"]
[EventDate "2016.02.20"]
[EventType "swiss"]
[EventRounds "6"]
[EventCountry "BUL"]

1. d4 e6 2. Bf4 d6 3. Nf3 Nf6 4. c3 c6 5. Nbd2 Be7 6. h3 O-O 7. e4 Nbd7 8. Bh2
c5 9. Bd3 b6 10. O-O Bb7 11. Re1 g6 12. Nc4 Ne8 13. Qc2 Rc8 14. Re2 b5 15. Nxd6
Nxd6 16. Bxd6 Bxd6 17. Bxb5 cxd4 18. Nxd4 Bb8 19. Rd1 Qc7 20. g3 Ne5 21. Ba4
Rfd8 22. Bb3 Rxd4 0-1